Marketing strategy / (رقم التسجيلة. 34902)
[ عرض عادي ]
| 000 -الفاتح | |
|---|---|
| حقل البيانات ثابتة الطول | 00736nam a22002297a 4500 |
| 003 - محدد رقم الضبط | |
| رقم الضبط | OSt |
| 005 - وقت وتاريخ اخر تعامل مع التسجيلة | |
| رقم الضبط | 20150408114216.0 |
| 008 - عناصر البيانات ثابتة الطول - معلومات عامة | |
| حقل البيانات ثابتة الطول | 140511s2014 maua g b 001 0 eng d |
| 020 ## - الرقم الدولى المعيارى للكتب | |
| الرقم الدولى المعيارى للكتاب | 9781259010903 |
| 020 ## - الرقم الدولى المعيارى للكتب | |
| الرقم الدولى المعيارى للكتاب | 1259010902 |
| 040 ## - مصدر الفهرسة | |
| وكالة الفهرسة الأصلية | Ma-Un |
| 082 04 - رقم تصنيف ديوى العشرى | |
| رقم الطبعة | 22 |
| رقم التصنيف | 658.802 |
| رقم المادة | WOM |
| 100 1# - المدخل الرئيسى - إسم شخصى | |
| الإسم الشخصى | Walker, Orville C. |
| 9 (RLIN) | 44705 |
| 245 10 - بيان العنوان | |
| العنوان | Marketing strategy / |
| بقية العنوان | A decision-focused approach : |
| بيان المسئوليه,etc | Orville C. Walker, Jr., John W. Mullins. |
| 250 ## - بيان الطبعة | |
| بيان الطبعة | 8th ed. |
| 260 ## - PUBLICATION, DISTRIBUTION, ETC. (IMPRINT) | |
| مكان الناشر او الموزع | Boston : |
| اسم الناشر او الموزع | McGraw-Hill Irwin, |
| تاريخ النشر أو التوزيع | 2014. |
| 300 ## - الوصف المادى | |
| التعداد | xvi, 368 p. : |
| تفاصيل ماديه اخرى للوعاء | ill. ; |
| أبعاد الوعاء | 25 cm. |
| 504 ## - تبصرة ببليوجرافية | |
| تبصرة ببليوجرافية,الخ | Includes bibliographical references and indexes. |
| 650 ## - المدخل الاضافى بالموضوع-مصطلح موضوعى | |
| مصطلح موضوعي أو اسم جغرافي كعنصر مدخل | Marketing |
| التقسيم الفرعي العام | Management |
| 700 1# - المدخل الاضافى - اسم شخصى | |
| الإسم الشخصى | Mullins, John W. |
| الشكل الأكمل للاسم | (John Walker) |
| الدور | Co-author. |
| 9 (RLIN) | 44706 |
| 942 ## - عناصر المدخل الإضافي( كوها) | |
| مصدر التصنيف او مخطط الترفيف | Dewey Decimal Classification |
| Koha [default] item type | كتاب |
| حالة الفقد | نموذج السعر الفعال | حالة تلف | ليس للاعارة | رقم الطلب | رقم النسخة | تاريخ الاكتساب | مصدر التزويد | الموقع الحالي | الباركود | الفرع الرئيسي | Date last seen | نوع المادة فى نظام كوها | مصدر التصنيف او خطة الترفيف | Total Checkouts |
|---|---|---|---|---|---|---|---|---|---|---|---|---|---|---|
| 2014-05-11 | Not For Loan | 658.802 WOM | 1 | 2014-05-11 | دار العرب | المكتبة المركزية بالمجمعة (CL) | 00210245 | المكتبة المركزية بالمجمعة (CL) | 2014-05-11 | كتاب | Dewey Decimal Classification | |||
| 2014-05-11 | 658.802 WOM | 2 | 2014-05-11 | دار العرب | المكتبة المركزية بالمجمعة (CL) | 00210246 | المكتبة المركزية بالمجمعة (CL) | 2014-05-11 | كتاب | Dewey Decimal Classification | ||||
| 2014-05-11 | 658.802 WOM | 3 | 2014-05-11 | دار العرب | المكتبة المركزية بالمجمعة (CL) | 00210247 | المكتبة المركزية بالمجمعة (CL) | 2014-05-11 | كتاب | Dewey Decimal Classification |
